| 000 | 00779nam a22002777a 4500 | ||
|---|---|---|---|
| 001 | BR0906284 | ||
| 003 | BR-BrBNA | ||
| 005 | 20230928103119.0 | ||
| 007 | ta | ||
| 008 | 230509b bl.||||| |||| 00| 0 por d | ||
| 040 |
_aBR-BrBNA _bpor _cBiblioteca Nacional de Agricultura |
||
| 041 | _a(Por) | ||
| 072 |
_aA50 _b0430 |
||
| 090 | _ 0430 BR0906284 | ||
| 110 | 1 |
_aEMBRAPA Algodão, Campina Grande, PB (Brasil) _93546 |
|
| 245 | 1 | _a4. Plano Diretor da EMBRAPA Algodão - 2008-2011 | |
| 260 | 3 |
_aCampina Grande, PB (Brasil): _c2008. |
|
| 300 | _a30 p. | ||
| 650 | _aALGODÃO | ||
| 650 | _aINSTITUIÇÃO DE PESQUISA | ||
| 650 | _aPESQUISA AGRÍCOLA | ||
| 650 | _aPLANEJAMENTO DE PESQUISA | ||
| 650 | _aPARAÍBA | ||
| 909 |
_a202309 _bLucia _c55 _dLucia Elande |
||
| 942 | _cBK | ||
| 999 |
_c73781 _d73781 |
||